00368 a2200121 450000100060000010000140000624500450002026000390006509000170010494200220012199900190014395200840016214887 aCoedes G aThe indianized states of south east Asia aHonolulubEast west center pressc c11656d11656 aNUST-CAEcMc1843 c249960d249960 001040708NFICaCAEbCAEd2017-04-03l0pCAE34482r2017-04-05w2017-04-05yBK